000
00294nam a22001337a 4500
008
181203b xxu||||| |||| 00| 0 eng d
020
_a
9781554071883
041
_a
eng
080
_a
611
100
_a
7
101
_a
ANA
245
_a
Human Body A Visual Guide
_c
Millan,B.M
942
_2
udc
_c
BK
999
_c
52705
_d
52705